000
00270nam a22001097a 4500
008
160518b xxu||||| |||| 00| 0 eng d
020
_a
0070392358
041
_a
eng
080
_a
61
245
_a
Understanding your health;
_c
Wayne A. Payne; Dale B. Hahn;
942
_2
udc
_c
BK
999
_c
2160
_d
2160